| 000 | 01086 a2200217 4500 | ||
|---|---|---|---|
| 003 | Nust | ||
| 005 | 20220815110139.0 | ||
| 010 | _a 99017792 | ||
| 020 | _a0890069891 | ||
| 040 | _cNust | ||
| 082 | 0 | 0 | _a621.381535,CRI |
| 100 | 1 |
_aCripps, Steve C. _961444 |
|
| 245 | 1 | 0 |
_aRF power amplifiers for wireless communications / _cSteve C. Cripps. |
| 246 | 3 | _aRadio frequency power amplifiers for wireless communications | |
| 260 |
_aBoston : _bArtech House, _cc1999. |
||
| 300 |
_axii, 337 p. : _bill. ; _c24 cm. |
||
| 440 | 0 |
_aArtech House microwave library _928737 |
|
| 505 | _aIntroduction (Page-1), Linear Power Amplifier Design (Page-17), Conventional High Efficiency Amplifier (Page-45), Matching Network Design for Reduced Conduction Angle (Page-73), Overdrive and Limiting Effects in RF Power Amplifier (Page-113), Switching Mode Amplifier for RF Application (Page-145), Nonlinear Effects in RF Power Amplifier (Page-179), Efficiency Enhancements Techniques (Page-219), Power Amplifier Architecture (Page-286), | ||
| 650 | 0 | _aTelecommunication Engineering. | |
| 942 |
_cREF _2ddc |
||
| 999 |
_c175789 _d175789 |
||